Statistiques concernant Entrée dans l'Union Européenne

Cliquez ici pour prendre le quiz!

Statistiques générales

  • Ce quiz a été pris 59 fois
  • Le résultat moyen est 26 sur 28

Statistiques - réponses

PaysAnnée% Correct
Allemagne1957
98%
France1957
98%
Italie1957
98%
Luxembourg1957
98%
Pays-Bas1957
98%
Belgique1957
98%
Espagne1986
96%
Portugal1986
96%
Croatie2013
96%
Brexit2020
96%
Grèce1981
93%
Autriche1995
93%
Finlande1995
93%
Suède1995
93%
République Tchèque2004
93%
Slovénie2004
93%
Slovaquie2004
93%
Pologne2004
93%
Malte2004
93%
Lituanie2004
93%
Lettonie2004
93%
Hongrie2004
93%
Estonie2004
93%
Chypre2004
93%
Roumanie2007
93%
Bulgarie2007
93%
Royaume-uni1973
91%
Irlande1973
91%

Distribution des résultats

Percentile par nombre de réponses

% des personnes avec chaque résultat

Votre développement - résultats

Vous n’avez pas pris ce quiz